8 mots dans mots : lad (mort subite) - Statistiques

Statistiques générales
  • Ce quiz a été pris 44 fois
  • Le résultat moyen est 5 sur 8
Answers on the Grid
Answers color-coded by a green-red scale on the quiz's grid according to % correct below.
Dégringo---e
So---ifier
Reconso---er
Gril---erie
Deso---ariser
Pissa---ière
So---airement
Phi---elphien
Euc---iennes
Assurance-inva---ité
Pal---ium
Ma---roitement
E---er
G---iateur
Fé---és
Assurance-ma---ie
 
Statistiques - réponses
Réponse % Correct
Dégringo---e
94%
Phi---elphien
79%
Assurance-ma---ie
70%
Ma---roitement
64%
Pissa---ière
64%
G---iateur
58%
Gril---erie
58%
Pal---ium
58%
Aucun quiz correspondant
Distribution des résultats
% des personnes avec chaque résultat
Percentile par nombre de réponses
Votre historique - résultats
Vous n’avez pas pris ce quiz